แสดงรายละเอียดบรรณานุกรม
  กลับหน้าหลัก

Brief Record : Get Marc (ISO 2709) : E-mail record : QR code ปิดหน้าต่าง
สารบัญ Review โดย
ใช้งานได้ทุกระบบ
ห้องสมุด วพบ.ขอนแก่น
ใช้งานได้ทุกระบบ เมื่อ24/ธันวาคม/2557
บทที่ 1 Overview of heat injury
บทที่ 2 Classical heat stroke : Overview
บทที่ 3 Exertional heat illness : epidemiology and prevention
บทที่ 4 Physiology and pathophysiology of heat injury
บทที่ 5 Diagnosis of heat njury
บทที่ 6 Practical management in classical heat stroke
บทที่ 7 Neurological complications in heat stroke
บทที่ 8 Cardiovascular complications in heat illness
บทที่ 9 Infections complications in heat stroke
บทที่ 10 Hematologic problem in heat stroke
บทที่ 11 Hematological manifestations in heat stroke
บทที่ 12 Gastrointestinal complications in heat stroke
บทที่ 13 Heat stroke : renal perspective
บทที่ 14 Management of heat stroke in intensive care unit
บทที่ 15 Endocrine abnormalities in heat stroke
บทที่ 16 Pathology in heat stroke patients
บทที่ 17 Heat stroke in children
บทที่ 18 Rehabilitation for heat stroke patients
บทที่ 19 Patient information of heat stroke


E-books : เกี่ยวกับ Collections
LEADER 00000nam 2200000uu 4500
008    140411s||||||||th 000 0 tha d
020    ^a9786167388502
040    ^abcnkk
041 0  ^atha
060 04 ^aWD610^bH437 2556
245 00 ^aHeat stroke /^c[บรรณาธิการ] ภานุวิชญ์ พุ่มหิรัญ และวิชัย ประยูรวิวัฒน์
250    ^aพิมพ์ครั้งที่ 2
260    ^aกรุงเทพฯ :^bโครงการตำรา วิทยาลัยแพทยศาสตร์พระมงกุฎเกล้า,^c2556
300    ^a153 หน้า :^bภาพประกอบ ;^c26 ซม.
650  2 ^aHeat Stroke
653    ^aโรคลมร้อน
700 0  ^aภานุวิชญ์ พุ่มหิรัญ,^eบรรณาธิการ
700 0  ^aวิชัย ประยูรวิวัฒน์,^eบรรณาธิการ
710 2  ^aวิทยาลัยแพทยศาสตร์พระมงกุฎเกล้า. ^bโครงการตำรา
999    ^aใช้งานได้ทุกระบบ
รายการนี้ยังไม่มีแท็ก
คุณยังไม่ได้ล็อกอิน คุณสามารถมีกิจกรรมร่วมกับเว็บไซต์ได้ แต่ต้องล็อกอินก่อน ::
  ล็อกอิน
ลำดับที่ ประเภท เลขเรียก สถานที่ สถานะ
1. หนังสือสำรอง
หนังสือสำรอง
WD610 H437 2556  
  
การพยาบาลผู้ใหญ่ On Shelf
  ขอยืม
Note:ปีงบประมาณ2557
2. หนังสือทั่วไป
หนังสือทั่วไป
WD610 H437 2556 ฉ.2 
  
การพยาบาลผู้ใหญ่ On Shelf
  ขอยืม
Note:ปีงบประมาณ2557
3. หนังสือทั่วไป
หนังสือทั่วไป
WD610 H437 2556 ฉ.3 
  
การพยาบาลผู้ใหญ่ On Shelf
  ขอยืม
Note:ปีงบประมาณ2557
4. หนังสือทั่วไป
หนังสือทั่วไป
WD610 H437 2556 ฉ.4 
  
การพยาบาลผู้ใหญ่ On Shelf
  ขอยืม
Note:ปีงบประมาณ2557
5. หนังสือทั่วไป
หนังสือทั่วไป
WD610 H437 2556 ฉ.5 
  
การพยาบาลผู้ใหญ่ On Shelf
  ขอยืม
Note:ปีงบประมาณ2557
   [แสดง 5/5 รายการ]

BibComment


ยังไม่เคยถูกคอมเมนท์

คอมเมนท์ทรัพยากรรายการนี้
  คอมเมนท์: Heat stroke บรร..
Bib 209653

 
 
 

 Union Library Management : ULibM
Copyright 2026. All Rights Reserved.
скачать бесплатно без регистрации порно красивый секс HD Sex Hindi sex

xxx gou

xxxx

bfxxx

xxxwww

Секса Видео

xxxx

Секса Видео

detube

geilexxx

C99 Shell

worms shell

blod xxx video
Ebony Coed Rihanna Rimes Takes A Dick In Her Young Twat priyaa indian fuck anal and pusssy hardcore indian women xxx desi hardcore fucking part 1 bengalixxxcouple